[Event "Nordic Chess-ch U20 Girls"]
[Site "Koge"]
[Date "2019.04.28"]
[Round "4"]
[White "Cao Zhang, Lina"]
[Black "Nilssen, Ellen Fredericia"]
[Result "0-1"]
[WhiteElo "1662"]
[BlackElo "2048"]
[PlyCount "49"]
[EventDate "2019.04.26"]
[EventType "tourn"]
[EventRounds "5"]
[EventCountry "DEN"]
[SourceTitle "EXT 2020"]
[Source "ChessBase"]
[SourceDate "2019.10.17"]
[SourceVersion "1"]
[SourceVersionDate "2019.10.17"]
[SourceQuality "1"]

1. e4 e6 2. d4 d5 3. Nd2 c5 4. exd5 exd5 5. Ngf3 Nc6 6. Bb5 cxd4 7. 0-0 Bd6 8. Nb3 Nge7 9. Nbxd4 0-0 10. h3 Bc7 11. c3 Qd6 12. Bg5 Ng6 13. Bd3 Nxd4 14. cxd4 h6 15. Bxg6 fxg6 16. Bh4 Rxf3 17. Bg3 Rxg3 18. fxg3 Qxg3 19. Rf3 Qh2+ 20. Kf2 Bf5 21. Qg1 Qd6 22. Qc1 Be4 23. Rc3 Rf8+ 24. Ke2 Qa6+ 25. Kd1 0-1